مكتبة جامعة عجلون الوطنية

فهرس بحث المكتبة

فلسطين ارض الرسالات الإلهية (Record no. 30792)

MARC details
000 -LEADER
fixed length control field 00836nam a2200229Ii 4500
003 - CONTROL NUMBER IDENTIFIER
control field JO-AjNU
008 - FIXED-LENGTH DATA ELEMENTS--GENERAL INFORMATION
fixed length control field 230605s9999||||xx |||||||||||||| ||und||
017 ## - COPYRIGHT OR LEGAL DEPOSIT NUMBER
Copyright or legal deposit number 2007/22278
020 ## - INTERNATIONAL STANDARD BOOK NUMBER
International Standard Book Number 977-14-4158-2
040 ## - CATALOGING SOURCE
Original cataloging agency JO-AjNU
Language of cataloging ara
Description conventions rda
Transcribing agency JO-AjNU
041 ## - LANGUAGE CODE
Language code of text/sound track or separate title ara
050 14 - LIBRARY OF CONGRESS CALL NUMBER
Classification number DS116.G3712 2010
100 3# - MAIN ENTRY--PERSONAL NAME
Personal name جاردوى، رجاء؛ ترجمة ونعليق تقديم عبد الصبور شاهين,
Relator term author
9 (RLIN) 60382
245 00 - TITLE STATEMENT
Title فلسطين ارض الرسالات الإلهية
250 ## - EDITION STATEMENT
Edition statement ط3
264 31 - PRODUCTION, PUBLICATION, DISTRIBUTION, MANUFACTURE, AND COPYRIGHT NOTICE
Place of production, publication, distribution, manufacture القاهرة: دار نهضة مصر، 2010
300 ## - PHYSICAL DESCRIPTION
Extent 546ص
Other physical details يحتوي على فهارس من 525-546ص
336 ## - CONTENT TYPE
Content type term text
Content type code txt
Source rdacontent
337 ## - MEDIA TYPE
Media type term unmediated
Media type code n
Source rdamedia
338 ## - CARRIER TYPE
Carrier type term volume
Carrier type code nc
Source rdacarrier
650 #4 - SUBJECT ADDED ENTRY--TOPICAL TERM
Topical term or geographic name entry element فلسطين - تاريخ - الرسالات الالهية
9 (RLIN) 60383
Holdings
Withdrawn status Lost status Source of classification or shelving scheme Damaged status Not for loan Home library Current library Shelving location Date acquired Total Checkouts Full call number Barcode Date last seen Price effective from Koha item type
    Library of Congress Classification     مكتبة جامعة عجلون الوطنية مكتبة جامعة عجلون الوطنية المجموعات العامة 06/06/2023   DS116.G3712 2010 A27224 06/06/2023 06/06/2023 Books